SM Logic Quiz II Stats

Quiz not verified by Sporcle

Challenge
Share
Tweet
Score 0/25 Timer 20:00
2 Plays Today
Hint Answer % Correct
A1






???
100%
E2






???
55.9%
E4






???
55.7%
C2






???
55.5%
C3






???
55.4%
A2






???
55%
E5






???
55%
B2






???
54.8%
D2






???
54.2%
E3






???
54.1%
A4






???
53.6%
B1






???
53.5%
A3






???
53.2%
Hint Answer % Correct
A5






???
53%
E1






???
52.5%
B3






???
52.3%
D1






???
52.1%
B4






???
51.9%
D3






???
51.9%
C1






???
51.3%
C4






???
50.8%
D5






???
48.2%
B5






???
44.1%
D4






???
43.9%
C5






???
43.8%

You're not logged in!

Compare scores with friends on all Sporcle quizzes.
Sign Up with Email
OR
Log In

You Might Also Like...

Show Comments

Extras

Top Quizzes Today


Score Distribution

Your Account Isn't Verified!

In order to create a playlist on Sporcle, you need to verify the email address you used during registration. Go to your Sporcle Settings to finish the process.